000 00561nam a2200181Ia 4500
008 100921s9999 xx 000 0 und d
082 _b17608
_a891.463 थ 82
100 _aजोगळेकर योगिनी.
245 _aधागे-दोरे.
260 _bअस्मिता प्रकाशन, पुणे.
_c1982
300 _a212
_b---
365 _b30
520 _aललित-कथा.
630 _aधागे-दोरे.
650 _aललित-कथा.
730 _aधागे-दोरे.
942 _cBOOK
999 _c766721
_d766718